Слияние квазиделение и глубоко неупругие столкновения в реакциях с тяжелыми ионами: ограничения на сечения (Запись № 3335734)

Подробности
000 -МАРКЕР
контрольное поле 00992nam2a22002651 4500
001 - ИДЕНТИФИКАТОР ЗАПИСИ
контрольное поле RU\NLR\INFOCOMM55\5000158762
005 - ИДЕНТИФИКАТОР ВЕРСИИ
контрольное поле 20250617120235.0
035 ## - ДРУГИЕ СИСТЕМНЫЕ НОМЕРА
Идентификатор записи (NLR Aleph) 002588038
100 ## - ДАННЫЕ ОБЩЕЙ ОБРАБОТКИ
Данные общей обработки 20041020d1977 |||y0rusy50 ca
101 0# - ЯЗЫК РЕСУРСА
Язык текста, звукозаписи и т.д. русский
-- английский
102 ## - СТРАНА ПУБЛИКАЦИИ ИЛИ ПРОИЗВОДСТВА
Страна публикации Российская Федерация
105 ## - ПОЛЕ КОДИРОВАННЫХ ДАННЫХ: ТЕКСТОВЫЕ МАТЕРИАЛЫ, МОНОГРАФИЧЕСКИЕ
Кодированные данные о монографическом текстовом документе y ||||000|y
200 1# - ЗАГЛАВИЕ И СВЕДЕНИЯ ОБ ОТВЕТСТВЕННОСТИ
Основное заглавие Слияние квазиделение и глубоко неупругие столкновения в реакциях с тяжелыми ионами: ограничения на сечения
Первые сведения об ответственности В.Д. Тонеев, Р. Шмидт
210 ## - ПУБЛИКАЦИЯ, РАСПРОСТРАНЕНИЕ И ДР.
Дата издания, распространения и т.д. 1977
Место издания, распространения и т.д. Б. м.
461 #0 - УРОВЕНЬ НАБОРА
Встроенное поле 001RU\NLR\INFOCOMM15\1000176112
-- 2001#$aИздания$fОбъедин. ин-т ядерных исследований$vР7-10452
700 #1 - ИМЯ ЛИЦА - ПЕРВИЧНАЯ ОТВЕТСТВЕННОСТЬ
Начальный элемент ввода Тонеев
Часть имени, кроме начального элемента ввода В.Д.
Код отношения Автор
701 #1 - ИМЯ ЛИЦА - АЛЬТЕРНАТИВНАЯ ОТВЕТСТВЕННОСТЬ
Начальный элемент ввода Шмидт
Часть имени, кроме начального элемента ввода Р.
Код отношения Автор
801 #1 - ИСТОЧНИК ЗАПИСИ
Страна Российская Федерация
Организация InfoComm
Дата составления 20050112
801 #0 - ИСТОЧНИК ЗАПИСИ
Страна Российская Федерация
Организация NLR
Правила каталогизации PSBO
852 ## - МЕСТОНАХОЖДЕНИЕ И ШИФР ХРАНЕНИЯ
Идентификатор организации NLR
Шифр хранения (Call Number) П11/2061
942 ## - ДОПОЛНИТЕЛЬНЫЕ ЭЛЕМЕНТЫ ЗАПИСИ (АБИС)
Тип экземпляра АБИС Выпуск
980 ## - КОЛЛЕКЦИЯ
Название коллекции Национальная библиография
980 ## - КОЛЛЕКЦИЯ
Название коллекции Русская периодика

Нет доступных экземпляров.